1620 1136 1744 1293 1575 1385 1610 1716 1439 1106 1873 1331 1739 1001 1323 1546 1328 1880 1954 1176 1501 1816 1938 1075 1407 1809 1180 1889 1487 1498 1226 1755 1727 1627 1808 1209 1364 1420 1557 1678 1678 1244 1626 1778 1022 1924 1320 1804 1312 1728 1234 1429 1963 1900 1344 1484 1064 1881 1862 1804 1935 1133 1406 1301 1368 1838 1967 1201 1115 1449 1680 1481 1662 1434 1020 1407 1966 1209 1478 1088 1539 1449 1192 1434 1752 1767 1818 1174 1610 1002 1847 1586 1951 1182 1305 1274 1197 1349 1374 BCNSPRNW ULIB Ver.6.0+V

เปลี่ยนเป็นภาษาไทย

Change to English
 แสดงรายละเอียดบรรณานุกรม
  กลับหน้าหลัก

Brief Record : Get Marc (ISO 2709) : E-mail record : QR code < ปิดหน้าต่าง
LEADER : 00000nam 2200000uu 4500
001    13399114611
003     ULIB
008    120424s2553||||th 000 0 tha d
020    ^a9786167349039
090    ^aนว.^bน447ท 2553
100 0  ^aนางฟ้าสีดำ
245 00 ^aNew Love ท้าชน..คนพันธุ์เทพ/^cนางฟ้าสีดำ
250    ^aพิมพ์ครั้งที่ 1
260    ^aกรุงเทพฯ :^bปรีชาธร อินเตอร์พริ้น จำกัด,^c2553
300    ^a208 หน้า
710 1  ^aอินเตอร์พริ้น จำกัด
945    ^p155^l0^i17089
995    ^aกัณชพร
999    ^aใช้งานได้ทุกระบบ
รายการนี้ยังไม่มีแท็ก
คุณยังไม่ได้ล็อกอิน คุณสามารถมีกิจกรรมร่วมกับเว็บไซต์ได้ แต่ต้องล็อกอินก่อน ::
  ล็อกอิน

รายการสื่อสารสนเทศ

ลำดับที่ ประเภท เลขเรียก/บาร์โค้ด สถานที่ สถานะ
1. นวนิยาย
นวนิยาย
นว. น447ท 2553  
  Barcode: 17089
ห้องสมุดวิทยาเขตสวรรค์ประชารักษ์
►นวนิยาย
บนชั้น
  ขอยืม

BibComment


ยังไม่เคยถูกคอมเมนท์

คอมเมนท์ทรัพยากรรายการนี้
  คอมเมนท์: New Love ท้าชนคน..


 Copyright 2026. Bcnsprnw @Library